banner koha

Duroia saccifera: in vitro germination, friable calli and identification of β-sitosterol and stigmasterol from the active extract against Mycobacterium tuberculosis (Registro n. 337716)

MARC details
000 -LÍDER
fixed length control field 04427nab a2200361 i 4500
003 - CÓDIGO MARC DA AGÊNCIA CATALOGADORA
Campo de controle BR-BrBNA
005 - DATA E HORA DA ÚLTIMA ATUALIZAÇÃO
Campo de controle 20250820175445.0
008 - CAMPO DE TAMANHO FIXO
fixed length control field 250820b2020 bl.ar|pooa||| 00| 0 eng |
040 ## - FONTE DA CATALOGAÇÃO
Agência catalogadora BR-BrBNA
Idioma da catalogação eng
072 ## - CATEGORIA AGRIS
Código AGRIS F60
072 ## - CATEGORIA AGRIS
Código AGRIS F02
100 ## - ENTRADA PRINCIPAL - NOME PESSOAL
Nome pessoal Lozano, Stefhania Alzate
100 ## - ENTRADA PRINCIPAL - NOME PESSOAL
Nome pessoal Sousa, Aline Bastos Brilhante de
100 ## - ENTRADA PRINCIPAL - NOME PESSOAL
Nome pessoal Souza, Julio Cezar de
100 ## - ENTRADA PRINCIPAL - NOME PESSOAL
Nome pessoal Silva, David Ribeiro da
100 ## - ENTRADA PRINCIPAL - NOME PESSOAL
Nome pessoal Salazar, Marcos Gabriel Maciel
100 ## - ENTRADA PRINCIPAL - NOME PESSOAL
Nome pessoal Halicki, Priscila Cristina Bartolomeu
100 ## - ENTRADA PRINCIPAL - NOME PESSOAL
Nome pessoal Ramos, Daniela Fernandes
100 ## - ENTRADA PRINCIPAL - NOME PESSOAL
Nome pessoal Silva, Pedro Eduardo Almeida da
100 ## - ENTRADA PRINCIPAL - NOME PESSOAL
Nome pessoal Nunez, Cecilia Veronica
245 ## - TÍTULO PRINCIPAL
Título principal Duroia saccifera: in vitro germination, friable calli and identification of β-sitosterol and stigmasterol from the active extract against Mycobacterium tuberculosis
500 ## - NOTA GERAL
Nota geral Publicação on-line; 24 ref.; 2 tables; 2 illus.; Summaries (En, Pt)
942 ## - ADDED ENTRY ELEMENTS (KOHA)
Koha item type Analítica
520 ## - NOTA DE RESUMO
Nota de conteúdo <br/><br/>Abstract <br/><br/>Duroia saccifera (Rubiaceae) occurs in the Amazon rainforest and their extracts showed antibacterial properties. To obtain greater quantities of active substances, leaf segments from in vitro D. saccifera seedlings were used as explants for calli induction; calli were multiplied via multiple subcultures, dried and extracted with hexane followed by ethyl acetate (EtOAc) and methanol (MeOH). As D. macrophylla had been reported to produce antimycobacterial substances, we assayed calli extracts against Mycobacterium tuberculosis (H37Rv strain). Calli EtOAc extract was active, with a minimal inhibitory concentration (MIC) of ≤ 25 mg mL-1, IC90of 19.5 mg mL-1and minimal bactericidal concentration (MBC) of 200 mg mL-1. EtOAc extract was analyzed by Thin Layer Chromatography (TLC) and Nuclear Magnetic Resonance (NMR) to determine its chemical profile, and was found to be rich in terpenes. Chromatographic fractionation of the EtOAc extract yielded a mixture of two sterols, β-sitosterol and stigmasterol (in proportion of 2:1), which were identified by 1 H and 13C NMR analysis. As far as we know, this is the first report of Duroia saccifera in vitro cell culture, antituberculosis activity of calli extract and β-sitosterol and stigmasterol isolation from in vitro plant cell culture. <br/><br/>Key words: antituberculosis, phytochemistry, plant tissue culture, Rubiaceae, sterols. <br/><br/><br/><br/>Resumo <br/><br/>Duroia saccifera (Rubiaceae) ocorre na floresta Amazônica. Seus extratos apresentaram atividade antibacteriana. Para obter maiores quantidades de substâncias ativas, foram utilizados segmentos de folhas de plântulas in vitro de D. saccifera como explantes para indução de calos; os calos foram multiplicados através de múltiplos subcultivos, depois secos e extraídos com hexano, seguido por acetato de etila (AcOEt) e metanol (MeOH). Como D. macrophylla foi relatada como produtora de substâncias antimicobacterianas, os extratos de calos foram testados contra Mycobacterium tuberculosis (cepa H37Rv). O extrato AcOEt dos calos foi ativo, com uma concentração inibitória mínima (CIM) de ≤ 25 mg mL-1, IC90 de 19,5 mg mL-1 e concentração bactericida mínima (MBC) de 200 mg mL-1. O extrato AcOEt foi analisado por cromatografia em camada delgada comparativa (CCDC) e Ressonância Magnética Nuclear (RMN) para determinar o seu perfil químico e mostrou ser rico em terpenos. O fracionamento cromatográfico do extrato AcOEt conduziu ao isolamento de uma mistura de dois esteroides, β-sitosterol e estigmasterol (na proporção de 2:1), os quais foram identificados por análises de RMN de 1 H e bidimensionais. Pelo levantamento bibliográfico realizado, este é o primeiro relato da cultura de células in vitro de Duroia saccifera, da atividade antituberculose do extrato de calos e do isolamento de β-sitosterol e estigmasterol da cultura de células vegetais in vitro da espécie. <br/><br/>Palavras-chave: antituberculose, fitoquímica, cultura de tecidos vegetais, Rubiaceae, esterois.<br/>
650 ## - ASSUNTO - THESAGRO
Cabeçalho tópico ou nome geográfico TUBERCULOSE
650 ## - ASSUNTO - THESAGRO
Cabeçalho tópico ou nome geográfico QUÍMICA
650 ## - ASSUNTO - THESAGRO
Cabeçalho tópico ou nome geográfico TECIDO VEGETAL
650 ## - ASSUNTO - THESAGRO
Cabeçalho tópico ou nome geográfico PRODUÇÃO VEGETAL
650 ## - ASSUNTO - THESAGRO
Cabeçalho tópico ou nome geográfico RUBIACEAE
773 0# - ENTRADA ANALÍTICA
Host Biblionumber 709
Registro do item 353216
Imprenta Rio de Janeiro-RJ Jardim Botanico do Rio de Janeiro 1935
Outro identificador 2025-4473
Título Rodriguésia (Brazil)
ISSN 0370-6583; 2175-7860 on-line
Colação v. 71 p. 1-7; (2020)
Número de controle de registro BR2025001725
856 ## - ACESSO E ENDEREÇO ELETRÔNICO
Identificador uniforme de recurso - URI https://www.scielo.br/j/rod/a/Xy9RNxbv4z4v9P7rVrWsgJD/?format=pdf&lang=en

Nenhum exemplar disponível.

BINAGRI

Telefone: (61)3218-2567/2388/3357/2097 - binagri@agro.gov.br

Ministério da Agricultura e Pecuária , Esplanada dos Ministérios, Bloco D, Anexo B, Brasília/DF, CEP: 70.043-900